000 00698nam a22001937a 4500
999 _c171671
_d171671
005 20200203161204.0
010 _aA-318568
020 _c75.00
035 _aA-318568
037 _bBPPD/Pub.
082 _a841.092
100 _aفاروقی ، خواحہ احمد
245 _aاردو ے معلے غالیب نمبر حصہ سوم /
_cخواحہ احمد فاروقی
246 _aUrdu-E-Moalla Ghalib Number vol.III (Urdu) /
_bby Khwaja Ahmed Farooqi
260 _aDelhi
_bEducational Publishing House
_c1987 ء
270 _a3108، Gali Azizuddin Vakil, Kucha Pandit, Lal Kuan
_bDelhi
_e110006
300 _a671p.
_c22cm(Hb)
942 _2ddc
_cUR
_h841.092
_mغ ا ل